000 01165nam0a22002771 4500
001 rc\4742429
005 20250612015615.0
021 _aRU
_bП150-67
035 _a(NLR Aleph) 008453660
090 _a7825069
_c7825069
100 _a20130416d1966 |||y0rusy50 ca
101 0 _arus
102 _aRU
105 _ay z |||||
200 1 _aГрафоаналитический метод выбора насосного оборудования для скважин на воду
_fГоскомитет по хлопководству Средней Азии при Госземводхозе СССР. Среднеаз. науч.-исслед. ин-т водных проблем и гидротехники им. В.Д. Журина
210 _aТашкент
_cФан
_d1966
215 _a199 с.
_cграф.
_d26
225 1 _aВопросы гидротехники
_vВып. 21
300 _aАвт. указан на 1-й с. текста
300 _aНа обл. только загл. серии
700 1 _aОмелин
_bН.Н.
801 0 _aRU
_bNLR
_gpsbo
801 1 _aRU
_bELAR
_2rusmarc
852 _aNLR
_jП11/1058
942 _cBOOK
980 _aNB